International certificate of origin guidelines.
| Format: | Book |
|---|---|
| Published: |
-:
-,
201.
|
| LEADER | 00546cam a2200193 7i4500 | ||
|---|---|---|---|
| 001 | 0000036491 | ||
| 005 | 20201119090000.0 | ||
| 007 | ##ta | ||
| 040 | # | # | |a MATR |
| 100 | 1 | # | |e author |
| 245 | 1 | 0 | |a International certificate of origin guidelines. |
| 264 | # | 4 | |a ♭. |
| 264 | # | 1 | |a -: |b -, |c 201. |
| 300 | # | # | |a pages: |b illustrations; |c cm. |
| 336 | # | # | |a text |2 rdacontent |
| 337 | # | # | |a unmediated |2 rdamedia |
| 338 | # | # | |a volume |2 rdacarrier |
| 504 | # | # | |a Includes bibliographical references and index |
| 999 | |a B000041248 |b Book |c International |e Business Information Centre | ||